Statistics for Japan Professional Football League teams

Click here to take the quiz!

General Stats

  • This quiz has been taken 101 times
    (76 since last reset)
  • The average score is 23 of 54

Answer Stats

JoinTeam% Correct
1999FC TOKYO
97%
1991Gamba OSAKA
84%
1995Cerezo OSAKA
79%
1991KASHIMA Antlers
79%
1991NAGOYA Grampus Eight
76%
1997Vissel KOBE
74%
2001YOKOHAMA FC
74%
1991URAWA Red Diamonds
68%
1991YOKOHAMA F. Marinos
63%
1995KASHIWA Reysol
58%
1999Sagan TOSU
58%
1991TOKYO Verdy 1969
58%
1991Sanfrecce HIROSHIMA FC
55%
1998Consadole SAPPORO
53%
1994Júbilo IWATA
53%
1996KYOTO Sanga FC
53%
1991SHIMIZU S-Pulse
53%
1999OMIYA Ardija
50%
1999Vegalta SENDAI
50%
1999Albirex NIIGATA
47%
1996Avispa FUKUOKA
45%
2012MATSUMOTO Yamaga FC
45%
1994SHONAN Bellmare
45%
2014FC RYUKYU
42%
2000MITO Hollyhock
42%
1999OITA Trinita
42%
1999Ventforet KOFU
42%
1991Jef United ICHIHARA CHIBA
39%
2013V. Varen NAGASAKI
37%
2008FC GIFU
34%
2016KAGOSHIMA United FC
34%
1999Montedio YAMAGATA
34%
2009Fagiano OKAYAMA FC
32%
2005Thespa Kusatsu GUNMA
32%
2000TOCHIGI SC
32%
2005TOKUSHIMA Vortis
32%
2006EHIME FC
29%
2012FC MACHIDA Zelvia
29%
2008Roasso KUMAMOTO
29%
2014Zweigen KANAZAWA
29%
2014SC SAGAMIHARA
26%
2014FUKUSHIMA United FC
24%
1999KAWASAKI Frontare
24%
2014FUJIEDA MYFC
21%
2011Gainare TOTTORI
21%
2014Grulla MORIOKA
21%
2015Renofa YAMAGUCHI FC
21%
2014Blaublitz AKITA
18%
2014Kamatamare SANUKI
18%
2017Azul Claro NUMAZU
16%
2010Giravanz KITAKYUSHU
16%
2014AC NAGANO Parceiro
13%
2014YOKOHAMA Sports & Culture Club
13%
2009Kataller TOYAMA
11%

Score Distribution

Percentile by Number Answered

Percent of People with Each Score

Your Score History

You have not taken this quiz since the last reset